Loading...
| Philosophy | 0 | 3 | 0 | 0 | 30 | 50 | 76.00 | 0 | 1 | 9.50 | 23.44 |
| Fine Arts - Painting and Sculpture | 0 | 3 | 0 | 1 | 30 | 48 | 91.67 | 0 | 1 | 6.15 | 15.00 |
| Literature - World | 0 | 2 | 0 | 1 | 20 | 101 | 107.50 | 0 | 1 | 1.22 | 6.96 |
| Fine Arts - Other | 0 | 2 | 0 | 0 | 20 | 98 | 106.50 | 1 | 1 | 2.57 | 11.43 |
| History - Other | 0 | 2 | 0 | 1 | 20 | 89 | 99.50 | 0 | 0 | 2.39 | 6.43 |
| History - European | 0 | 2 | 0 | 0 | 20 | 7 | 27.50 | 1 | 1 | 7.62 | 7.24 |
| Religion | 0 | 2 | 0 | 0 | 20 | 81 | 94.50 | 0 | 0 | 2.00 | 6.25 |
| Science - Physics | 0 | 1 | 0 | 0 | 10 | 86 | 86.00 | 0 | 0 | 2.39 | 2.86 |
| Geography | 0 | 1 | 0 | 0 | 10 | 98 | 98.00 | 0 | 0 | 3.53 | 2.50 |
| Popular Culture | 0 | 1 | 0 | 0 | 10 | 41 | 41.00 | 1 | 1 | 13.22 | 20.00 |
| Literature - British | 0 | 1 | 0 | 0 | 10 | 113 | 113.00 | 0 | 0 | 0.06 | 0.95 |
| Mythology | 0 | 1 | 0 | 0 | 10 | 76 | 76.00 | 0 | 0 | 3.39 | 2.86 |
| Literature - European | 0 | 0 | 0 | 0 | 0 | 0.00 | 0 | 0 | 0.00 | 0.00 | |
| Science - Biology | 0 | 1 | 2 | 0 | 0 | 35 | 35.00 | 0 | 1 | 6.90 | 6.25 |
| Literature - American | 0 | 0 | 1 | 0 | -5 | 0.00 | 0 | 0 | 0.00 | 0.00 | |
| Science - Other | 0 | 0 | 1 | 0 | -5 | 0.00 | 0 | 0 | 0.00 | 0.00 | |
| Fine Arts - Classical Music | 0 | 0 | 1 | 0 | -5 | 0.00 | 0 | 0 | 0.00 | 0.00 |